Világtörténelem a Mivelt Magyar Közönség Számara

Bibliographic Details
Main Author: Ribáry, Ferencz (Author)
Format: Book
Language:Undetermined
PhysicalDescription:733 s.
Published: Budapest Mehner Vilmos 1883

MARC

LEADER 00000nam a2200000 a 4500
001 vtls001400957
003 SK-MaSNL
005 20260301201933.0
008 240318s1883 xx 0 und
035 |a SNK000355446 
040 |a SNK  |b slo  |c SNK  |e AACR2 
041 0 |a und 
044 |a xx 
100 1 |a Ribáry, Ferencz  |4 aut  |9 389944 
245 1 0 |a Világtörténelem a Mivelt Magyar Közönség Számara 
260 |a Budapest  |b Mehner Vilmos  |c 1883 
300 |a 733 s. 
958 |a ONDV 
999 |c 896902  |d 898832 
952 |t P60, <04>, [BOOK], {604}  |a SNK  |b SNK  |y VYP  |7 0  |p 17A0257093  |o snkIB 196/6  |0 0  |1 0  |4 0  |d 2000-11-20  |l 0  |r 2005-01-02 00:00:00  |w 2026-02-24